000
00298nam a22001337a 4500
008
170419b xxu||||| |||| 00| 0 eng d
020
_a
0808744232
041
_a
eng
080
_a
573
100
_a
11
101
_a
SHM
245
_a
ANLYTICAL PROBLEMS IN BIOLOGY
_c
DONOVAN.M.P
942
_2
udc
_c
BK
999
_c
11289
_d
11289